| 000 | 01181nac a22003737a 4500 | ||
|---|---|---|---|
| 001 | BR2011007417 | ||
| 003 | BR-BrBNA | ||
| 005 | 20240105123924.0 | ||
| 008 | 230509b bl.|||m| |||| 00| 0 por d | ||
| 040 |
_aBR-BrBNA _bpor _cBiblioteca Nacional de Agricultura |
||
| 072 | _aP31; P10 | ||
| 090 | _aP31 BR2011007417 | ||
| 100 | 1 | _aPasso, D.P. | |
| 100 | 1 | _aMartins, E. de S. | |
| 100 | 1 | _aGomes, M.P. | |
| 100 | 1 | _aReatto, A. | |
| 100 | 1 | _aCastro, K.B. de | |
| 100 | 1 | _aLima, L.A. de S. | |
| 100 | 1 | _aCarvalho Junior, O.A. | |
| 100 | 1 | _aGomes, R.A.T. | |
| 110 | 1 | _aEMBRAPA Cerrados, Planaltina, DF (Brasil) | |
| 245 | 1 | _aCaracterização geomorfológica do município de Barreiras, oeste baiano, escala: 1:100.000 | |
| 260 | 3 |
_aPlanaltina, DF (Brasil): _c2010. |
|
| 300 | _a30 p. | ||
| 490 |
_aBoletim de Pesquisa e Desenvolvimento - EMBRAPA Cerrados (Brazil) _vno. 294 _xISSN 1676-918X |
||
| 500 | _aSummaries (En, Pt); 5 tables; 12 illus.; 22 ref. | ||
| 650 | _aRELEVO | ||
| 650 | _aGEOMORFOLOGIA | ||
| 650 | _aBACIA HIDROGRÁFICA | ||
| 650 | _aMAPA | ||
| 650 | _aBAHIA | ||
| 909 |
_a202312 _bLúcia Elande _c55 _dLúcia Elande |
||
| 942 |
_2AGRIS _n0 _cMS |
||
| 999 |
_c297563 _d297563 |
||